00564nam a2200169Ia 450000500170000000800410001702000150005808200130007310000130008624500820009926000370018130000130021850000440023194200060027595200980028199900150037920250411042600.0240331s9999 xx 000 0 und d a9559060457 bPILa891 aPilyar,Y 0aYuda sira kandawurakadee maranaya jayagath minissu :bit all reality happened aColombobPahan Publicationc2001 a292 p ., aStory of People who survive in war zone cL 001040708LaWERCLbWERCLcSSCd2024-03-31l0o 891.48 PILp4838r2024-03-31w2024-03-31yL c5343d5343